01063njm a2200277Ia 4500001000600000003000900006005001700015008004100032040001300073040001300086041001300099100001100112100001800123100003800141245005200179250001100231260001100242260007000253300001700323500010200340505008500442511007400527511005200601650005700653700007500710H7540IT-RoPAU20220918181155.0131025s9999 xx 000 0 und d aIT-RoPAU cIT-RoPAU aITALIANO aAA.VV. eAutore musica gCodice autore musica SPICS: 12000 aLaudis Canticum - Lodi e vespri prima settimana a1a ed. aMILANO bMULTIMEDIA SAN PAOLOc2007 [1a Ed.:2007 - Ed. Lingua Orig.: 2007] aCOMPACT DISC aMusica religiosa, liturgica. Testi della liturgia delle ore, rito Romano. Masterizzazione in Mp3. aCanto dei Primi vespri, lodi e vespri della Prima Settimana del Tempo Ordinario. aCoro Rabbunì€; soliste: Berloco V., Casiraghi G., Manca M., Musicat  aDizione di Benedetto Nardacci e Marco Gargiulo. aLITURGICO [COMPACT DISC]eCodice MATERIA SPICS: 9949 aAA.VV.eAutore testo e musicagCodice autore testo/musica SPICS: 12000